000 01458nam a2200289 i 4500
001 160831
003 ES-MaACL
005 20250715042759.0
008 950206s1886 sp a |||| | spa d
080 _a821.134.2-82"18"
100 1 _aNúñez de Arce, Gaspar,
_d1834-1903
_9223411
245 1 0 _aMiscelánea literaria
_b: cuentos, artículos, relaciones y versos /
_cGaspar Nuñez de Arce ; ilustración de F. Xumetra.
260 _aBarcelona :
_bDaniel Cortezo y Cª,
_c1886.
300 _a428 p. :
_bil. ;
_c21 cm.
490 1 _aBiblioteca "Arte y letras"
505 0 _aLas aventuras de un muerto (cuento fantástico) ; Inauguración del canal del Ebro ; Recuerdos de la guerra de África ; El primer mes de otoño ; Sancho Gil (cuento fantástico) ; Discurso de recepción leído ante la Real Academia Española (21 de mayo de 1876) ; Versos perdidos
530 _aDisponible en formato digital.
650 0 0 _aGuerra hispano-marroquí, 1859-1860-
_vRelatos personales.
_913210
651 4 _aCanal Imperial de Aragón.
_9169494
700 1 _aXumetra, F.
_9117524
740 0 2 _aRecuerdos de la guerra de África.
740 0 2 _aDiscurso de recepción leído ante la Real Academia Española (21 de mayo de 1876)
830 1 0 _aBiblioteca "Arte y letras"
_9180874
852 _aES-MaACL
_jB-699
_z- Enc. tela
856 _uhttp://bdh-rd.bne.es/viewer.vm?id=0000039350&page=1
_zBiblioteca Digital Hispánica
999 _c160831
_d160831